000 00585nam a2200217Ia 4500
005 20241129120045.0
008 241129s9999||||xx |||||||||||||| ||und||
020 _a9789356991248
037 _aTB
040 _aSDCL
_beng
_cSDCL
041 _aeng
_2eng
084 _aV27:8'P, R3
_qSDCL
100 _aChoudhury Samrat
_9729027
245 0 _aNortheast India: A political history
260 _aGurugram
_bHarper Collins
_c2023
300 _axiii,385p.
365 _aINR
_b699
650 _aPolitical Science
942 _cTB
_hV27:8'P, R3
999 _c1233160
_d1233160